The human revolution

The first volume in a five-volume work in the form of a slightly fictionalized biography describing the development of Soka Gakkai, the worldwide religion based on Nichiren Shoshu Buddhism.

Uloženo v:
Podrobná bibliografie
Hlavní autor: Ikeda, Daisaku
Médium: Kniha
Jazyk:Undetermined
Vydáno: Tokyo The Seikyo Press 1966
Tagy: Přidat tag
Žádné tagy, Buďte první, kdo otaguje tento záznam!
Thư viện lưu trữ: Trung tâm Học liệu Trường Đại học Cần Thơ
LEADER 00636nam a2200181Ia 4500
001 CTU_107983
008 210402s9999 xx 000 0 und d
082 |a 895.6 
082 |b I.26/Vol.2 
100 |a Ikeda, Daisaku 
245 4 |a The human revolution 
245 0 |c Daisaku Ikeda 
260 |a Tokyo 
260 |b The Seikyo Press 
260 |c 1966 
520 |a The first volume in a five-volume work in the form of a slightly fictionalized biography describing the development of Soka Gakkai, the worldwide religion based on Nichiren Shoshu Buddhism. 
904 |i Giang 
980 |a Trung tâm Học liệu Trường Đại học Cần Thơ